000 00933nam a2200253Ia 4500
008 240729s9999 xx 000 0 und d
022 _a2683-5711
245 0 _aPravo
260 _aSerbia
260 _bUniversity Business Academy in Novi Sad Faculty of Law for Commerce and Judiciary
650 _a Civil law | Law
650 _a Commercial law
650 _a Comparative law. International uniform law
650 _a Comparative law. International uniform law
650 _a Comparative law. International uniform law
650 _a Criminal law and procedure | Law
650 _a Law in general. Comparative and uniform law. Jurisprudence
650 _a Law in general. Comparative and uniform law. Jurisprudence
650 _a Law in general. Comparative and uniform law. Jurisprudence
650 _aLaw
856 _uhttps://doaj.org/toc/3904d34e27994decb41fe6447a529eac
942 _2ddc
942 _cDOAJEJ
999 _c73544
_d73544
945 _a1
_bMadushi Gamage
_c1
_dMadushi Gamage